000 00934nam a2200217 a 4500
999 _c1778
_d1778
003 OSt
005 20210630073318.0
008 210630b ||||| |||| 00| 0 eng d
040 _cALUPE UNIVERSITY
050 _aRC86.7
_b.I55 1999
245 0 0 _aIntensive care medicine /
_cscientific editors, Timothy W. Evans...[et al.]
260 _aLondon :
_bPublished for the British Council by the Royal Society of Medicine Press Limited,
_cc1999.
300 _aiv, p. 304 :
_bill. ;
_c25 cm.
490 1 _aBritish medical bulletin,
_x0007-1420 ;
_vv. 55, no. 1
583 1 _acommitted to retain
_c20160630
_d20310630
_fEAST
_hElmer Holmes Bobst Library
_zThis title retained by New York University Libraries on behalf of the Eastern Academic Scholars Trust (EAST)
_5NNU
650 0 _aCritical care medicine.
700 1 _aEvans, Timothy W.
830 0 _aBritish medical bulletin ;
_vv. 55, no. 1.
930 1 _hR31
942 _2lcc
_cBK
_nJE